000 00260nam a2200109Ia 4500
005 20251222143246.0
008 251222s9999||||xx |||||||||||||| ||spa||
082 _a658.409.2/C96
245 0 _aIV Cumbre de la Competitividad:
264 _bMITINCI
942 _cLIB
999 _c14772
_d14772